000 00541nam a2200205Ia 4500
005 20250507130209.0
008 008 250505s9999 xx 000 0 eng d
037 _aSeries Article
040 _aEASL
_beng
_cEASL
041 _aeng
_2eng
084 _qEASL
100 _aHaocai Luo
_9668760
245 0 _aBalance and imbalance in human rights law
260 _aChina
_bBeijing Routledge China
_c2012
300 _a55-70
650 _aLaw
700 _aGongde Song
_9668761
942 _cSRA
999 _c1318266
_d1318266